000 00605cam a2200205 a 4500
001 3546318
005 20171227044620.0
008 970917s1998 txua 000 0 eng
010 _a 97068076
020 _a0030206936 (pbk.)
040 _aDLC
_cDLC
_dDLC
041 _aeng
080 _a54
100 1 _a12
101 _aKIM
245 1 0 _aPushing electrons :
_cDaniel P. Weeks.
906 _a7
_bcbc
_corignew
_d3
_eopcn
_f19
_gy-gencatlg
942 _2ddc
_cBK
999 _c39475
_d39475